| 000 | 00671nam a2200253 a 4500 | ||
|---|---|---|---|
| 003 | AR-BaBNM | ||
| 005 | 20251128203911.0 | ||
| 008 | 082120s2002 ||||||||||||||000 | spa|| | ||
| 040 | _cAR-BaBNM | ||
| 100 | 1 | _aSchaill, William S. | |
| 245 | 0 | 0 | _aComo leer más rápido en 7 días |
| 250 | _a1ª ed. | ||
| 260 |
_aMéxico, D.F. _bDiana _c1973 |
||
| 300 |
_a179 p. _bdiagr. |
||
| 650 | 4 | _aMETODOS DE ESTUDIO | |
| 650 | 4 | _aMEJORA DE LA LECTURA | |
| 650 | 4 | _aLECTURA RAPIDA | |
| 650 | 4 | _aPROGRAMAS DE LECTURA | |
| 650 | 4 | _aHABITO DE LECTURA | |
| 700 | 1 |
_aBlanco, Félix _etraductor |
|
| 700 | 1 |
_aNichols, William J. _eprologuista |
|
| 942 | _cBK | ||
| 998 | _cSILVI | ||
| 999 |
_c5393 _d5393 |
||